Statistics for The Muppets / Sesame Street Muppets

Click here to take the quiz!

General Stats

  • This quiz has been taken 400 times
  • The average score is 11 of 21

Answer Stats

HintAnswer% Correct
The frogKermit
97%
Red, furry monster who talks in third personElmo
92%
Giant yellow birdBig Bird
87%
The above's best friend who loves pigeonsBert
80%
The grouchOscar the Grouch
80%
Orange monster that loves his rubber duckie!Ernie
79%
Cowabunga!!!!Cookie Monster
77%
The frog's wifeMiss Piggy
74%
Dark blue monster that is also a silly superheroGrover
70%
Fuzzy bear who has the voice of the belowFozzie Bear
67%
Crazy red monster who is wildAnimal
62%
Mi Mi Mi Mi!Beaker
48%
The above's best friendSnuffleupagus
45%
Pink fairy with fuzzy wandAbby Cadabby
40%
Mexican teal monsterRosita
36%
Orange, annoying monster that has braidsZoë
35%
Funny purplish monsterTelly Monster
24%
Blue Monster who wears red and white stripy shortsHerry Monster
21%
Aliens that are pink and blueThe Martians
12%
The female grouchGrouchetta | Dina Garbagedump
7%
The ogreSweeties
3%

Score Distribution

Percentile by Number Answered

Percent of People with Each Score

Your Score History

You have not taken this quiz